| 000 | 00684nam a2200253Ia 4500 | ||
|---|---|---|---|
| 003 | OSt | ||
| 005 | 20220927105322.0 | ||
| 006 | a|||||r|||| 00| 0 | ||
| 007 | ta | ||
| 008 | 220926b |||||||| |||| 00| 0 eng d | ||
| 024 | _a175862 | ||
| 037 | _cReference Collections | ||
| 040 |
_aRTL _cRTL _beng |
||
| 041 |
_2eng _aeng |
||
| 082 | _a"X:77, K1;K2" | ||
| 100 |
_aMeade J E _9371656 |
||
| 245 | 0 | _aNeo-classical theory of economic growth | |
| 250 | _a2 | ||
| 260 |
_aLondon _bUnwin University Books _c1962 |
||
| 300 |
_a"xiii, 181p" _ccm. |
||
| 500 | _aAppendix P 93-183 | ||
| 942 |
_h"X:77, K1;K2" _cCC |
||
| 999 |
_c691792 _d691792 |
||